• 首页
  • 本馆介绍
  • 公告通知
  • 最新文献
  • 馆藏检索
  • 电子资源
  • 读者导购
  • 参考咨询
  • 我的图书馆
  • 登录
  • 详细信息显示
  • 放入我的书架
  • 预约/预借图书
  • 作者相关作品
  • 分类相关作品
  • 丛书相关作品
  • 出版社相关作品

书目信息

  • 表格格式
  • 工作单格式
  • 卡片格式
题名:
插花艺术基础
    
 
作者: 吴亚芹 , 王玉 , 张颖 编
分册:  
出版信息: 北京   化学工业出版社  2006
页数: 116页
开本: 20cm
丛书名:
单 册:
中图分类: J525.1
科图分类:
主题词: 插花--装饰美术 , 插花 , 装饰美术
电子资源:
ISBN: 7-5025-6587-6
000 00924nam0 2200289 450
001 012007842381
005 20070517143116.82
010    @a7-5025-6587-6@dCNY12.00
100    @a20070516d2006 km y0chiy0120 ea
101 0  @achi
102    @aCN@b110000
105    @aa z 000yy
106    @ar
200 1  @a插花艺术基础@Acha hua yi shu ji chu@f吴亚芹,王玉,张颖编@Fwu ya qin,wang yu,zhang ying bian
210    @a北京@c化学工业出版社@d2006
215    @a116页@c图@d20cm
300    @a园林花卉职业技能教程
330    @a本教材主要介绍了插花的基础知识, 主要包括插花起源、插花分类、插花常见用具及花材; 插花构图原理、插花造型的基本要素; 中国传统插花; 礼仪插花等。
606 0  @a插花@x装饰美术
606 0  @a插花
606 0  @a装饰美术
690    @aJ525.1@v4
701  0 @a吴亚芹@Awu ya qin@4编
701  0 @a王玉@Awang yu@4编
701  0 @a张颖@Azhang ying@4编
801  0 @aCN@bRULIN@c20070517
905    @dJ525.1@e209@s8
    
    插花艺术基础/吴亚芹,王玉,张颖编.-北京:化学工业出版社,2006
    116页:图;20cm
    园林花卉职业技能教程
    
    ISBN 7-5025-6587-6:CNY12.00
    本教材主要介绍了插花的基础知识, 主要包括插花起源、插花分类、插花常见用具及花材; 插花构图原理、插花造型的基本要素; 中国传统插花; 礼仪插花等。
●
相关链接 在E读中查询图书 在五车中查询图书 在当当中查询图书 在豆瓣中查询图书


正题名:插花艺术基础     索取号:J525.1/209         预约/预借

序号 登录号 条形码 馆藏地/架位号 状态 备注
1 0574747   205747478   第一样本阅览室/ [索取号:J525.1/209] 在馆    
2 0574748   205747487   第一借阅区/ [索取号:J525.1/209] 在馆    
3 0574749   205747496   第一借阅区/ [索取号:J525.1/209] 在馆    
4 0574750   205747502   第一借阅区/ [索取号:J525.1/209] 在馆    
5 0574751   205747511   第一借阅区/ [索取号:J525.1/209] 在馆    
6 0574752   205747520   第一借阅区/ [索取号:J525.1/209] 在馆    
7 0574753   205747539   第一借阅区/ [索取号:J525.1/209] 在馆    
8 0574754   205747548   第一借阅区/ [索取号:J525.1/209] 在馆    
唐山师范学院图书馆 欢迎您!
大连网信软件有限公司© 版权所有